[Event "Winnipeg TNT January op"]
[Site "Winnipeg CAN"]
[Date "2012.01.17"]
[Round "2"]
[White "Babb, Jeff"]
[Black "Kernetsky, Myron"]
[Result "1-0"]
[WhiteElo "2201"]
[BlackElo "1991"]
[PlyCount "97"]
[GameId "2160767909572879"]
[EventDate "2012.01.10"]
[EventType "swiss"]
[EventRounds "4"]
[EventCountry "CAN"]
[SourceTitle "EXT 2022"]
[Source "ChessBase"]
[SourceDate "2021.10.06"]
[SourceVersion "1"]
[SourceVersionDate "2021.10.06"]
[SourceQuality "1"]

1. f4 Nf6 2. Nf3 g6 3. b3 Bg7 4. Bb2 O-O 5. e3 d5 6. Be2 Bg4 7. O-O Nbd7 8. h3 Bxf3 9. Bxf3 c6 10. c4 dxc4 11. bxc4 Nc5 12. d4 Nce4 13. g4 Nd6 14. Qc2 e6 15. Nd2 Re8 16. Ba3 Qc7 17. Rab1 Rab8 18. g5 Nd7 19. Bxd6 Qxd6 20. c5 Qc7 21. Qa4 a6 22. Rfc1 f6 23. h4 fxg5 24. hxg5 h6 25. gxh6 Bxh6 26. Qc2 Nf8 27. Ne4 Qg7 28. Rd1 Rbd8 29. Kf1 Re7 30. Ke2 Qh8 31. Rg1 Rh7 32. Rg2 Rdd7 33. Rbg1 Bg7 34. Qc4 Rh2 35. Ng5 Re7 36. Rxh2 Qxh2+ 37. Rg2 Qh1 38. Kf2 Bf6 39. Ke2 Bxg5 40. Rxg5 Qh2+ 41. Rg2 Qh4 42. Be4 Rg7 43. Bf3 Qh3 44. Qc2 Kf7 45. Be4 Qh5+ 46. Kd2 Qh3 47. Qb1 Kg8 48. Qg1 Qh6 49. Rh2 1-0

[Event "Winnipeg TNT January op"]
[Site "Winnipeg CAN"]
[Date "2012.01.17"]
[Round "2"]
[White "Baron, Cody"]
[Black "Reimer, Bruce"]
[Result "1-0"]
[WhiteElo "1403"]
[BlackElo "1537"]
[PlyCount "69"]
[GameId "2160767909572880"]
[EventDate "2012.01.10"]
[EventType "swiss"]
[EventRounds "4"]
[EventCountry "CAN"]
[SourceTitle "EXT 2022"]
[Source "ChessBase"]
[SourceDate "2021.10.06"]
[SourceVersion "1"]
[SourceVersionDate "2021.10.06"]
[SourceQuality "1"]

1. d4 Nf6 2. c4 d6 3. Nc3 g6 4. Nf3 Bg7 5. e4 O-O 6. Bf4 Bg4 7. Be2 c5 8. d5 Qa5 9. Qc2 Nbd7 10. h3 Bxf3 11. Bxf3 Nb6 12. b3 Nh5 13. Bd2 Nf6 14. Nb5 Qa6 15. Nc7 Qa3 16. Nxa8 Nxa8 17. O-O Nd7 18. Rae1 Ne5 19. Be2 Nc7 20. f4 Nd7 21. Bg4 Nf6 22. Bc3 Na6 23. e5 Ne8 24. Bd7 Nb4 25. Bxb4 Qxb4 26. Bxe8 Rxe8 27. exd6 Bd4+ 28. Kh1 Bf6 29. f5 Qb6 30. fxg6 hxg6 31. Rxf6 Kf8 32. d7 Qxf6 33. dxe8=Q+ Kxe8 34. Qe4 Qd6 35. Qe5 1-0

[Event "Winnipeg TNT January op"]
[Site "Winnipeg CAN"]
[Date "2012.01.17"]
[Round "2"]
[White "Cleto, Sam"]
[Black "Moncal, Nilo"]
[Result "0-1"]
[WhiteElo "1961"]
[BlackElo "2101"]
[PlyCount "90"]
[GameId "2160767909572881"]
[EventDate "2012.01.10"]
[EventType "swiss"]
[EventRounds "4"]
[EventCountry "CAN"]
[SourceTitle "EXT 2022"]
[Source "ChessBase"]
[SourceDate "2021.10.06"]
[SourceVersion "1"]
[SourceVersionDate "2021.10.06"]
[SourceQuality "1"]

1. Nf3 Nf6 2. d4 e6 3. c4 c5 4. d5 exd5 5. cxd5 d6 6. Nc3 g6 7. e4 Bg7 8. Bb5+ Bd7 9. Be2 Qe7 10. Bg5 h6 11. Bxf6 Bxf6 12. Nd2 O-O 13. Qb3 Bc8 14. O-O a6 15. Nc4 Nd7 16. Na5 Qd8 17. Nc4 Qc7 18. a4 Re8 19. Rfe1 Rb8 20. Nd2 Ne5 21. f4 Ng4 22. Bxg4 Bxg4 23. h3 Bd7 24. Nf3 b5 25. axb5 axb5 26. Ra6 b4 27. Nd1 c4 28. Qe3 Bc8 29. Rc6 Qd8 30. Rxc4 Bg7 31. Qd2 Qa5 32. Kh2 Bd7 33. e5 Rb5 34. Rd4 g5 35. g3 Qc7 36. exd6 Qxd6 37. Rxe8+ Bxe8 38. Re4 Bd7 39. fxg5 Rxd5 40. Qe2 Rxd1 41. gxh6 Bxh6 42. b3 Rd3 43. Rh4 Re3 44. Qf2 Rxb3 45. Rd4 Rxf3 0-1

[Event "Winnipeg TNT January op"]
[Site "Winnipeg CAN"]
[Date "2012.01.17"]
[Round "2"]
[White "Evans, Brian"]
[Black "Maas, Jason"]
[Result "1-0"]
[WhiteElo "1508"]
[BlackElo "1271"]
[PlyCount "45"]
[GameId "2160767909572882"]
[EventDate "2012.01.10"]
[EventType "swiss"]
[EventRounds "4"]
[EventCountry "CAN"]
[SourceTitle "EXT 2022"]
[Source "ChessBase"]
[SourceDate "2021.10.06"]
[SourceVersion "1"]
[SourceVersionDate "2021.10.06"]
[SourceQuality "1"]

1. e4 e5 2. Nf3 Nc6 3. Bb5 Bc5 4. O-O Nf6 5. Bxc6 dxc6 6. Nxe5 Qd4 7. Nd3 Nxe4 8. Re1 Bf5 9. Qf3 Bg6 10. Nxc5 Qxc5 11. d3 O-O-O 12. dxe4 Qxc2 13. Na3 Qa4 14. Bf4 Rhe8 15. Qg4+ Kb8 16. Rad1 Bxe4 17. Rxd8+ Rxd8 18. Kh1 Qd4 19. Qg3 Qd1 20. f3 Bxf3 21. gxf3 Qd7 22. Qxg7 Qf5 23. Qe5 1-0

[Event "Winnipeg TNT January op"]
[Site "Winnipeg CAN"]
[Date "2012.01.17"]
[Round "2"]
[White "Lipnowski, Samuel"]
[Black "Kaptsan, Aron"]
[Result "1/2-1/2"]
[WhiteElo "2263"]
[BlackElo "1943"]
[PlyCount "50"]
[GameId "2160767909572883"]
[EventDate "2012.01.10"]
[EventType "swiss"]
[EventRounds "4"]
[EventCountry "CAN"]
[SourceTitle "EXT 2022"]
[Source "ChessBase"]
[SourceDate "2021.10.06"]
[SourceVersion "1"]
[SourceVersionDate "2021.10.06"]
[SourceQuality "1"]

1. e4 e5 2. Nf3 Nc6 3. Bb5 a6 4. Ba4 Nf6 5. O-O Be7 6. Re1 b5 7. Bb3 d6 8. c3 O-O 9. h3 Nb8 10. d4 Nbd7 11. Nbd2 Bb7 12. a4 c5 13. Bc2 Re8 14. Nf1 Bf8 15. Ng3 g6 16. Bg5 h6 17. Be3 exd4 18. cxd4 Nxe4 19. Nxe4 Bxe4 20. Bxe4 Rxe4 21. dxc5 dxc5 22. axb5 a5 23. Qd2 Nf6 24. Qxd8 Rxd8 25. Rxa5 Rb4 1/2-1/2

[Event "Winnipeg TNT January op"]
[Site "Winnipeg CAN"]
[Date "2012.01.17"]
[Round "2"]
[White "Rutter, Blair"]
[Black "Milward, Dave"]
[Result "1-0"]
[WhiteElo "1895"]
[BlackElo "1720"]
[PlyCount "57"]
[GameId "2160767909572884"]
[EventDate "2012.01.10"]
[EventType "swiss"]
[EventRounds "4"]
[EventCountry "CAN"]
[SourceTitle "EXT 2022"]
[Source "ChessBase"]
[SourceDate "2021.10.06"]
[SourceVersion "1"]
[SourceVersionDate "2021.10.06"]
[SourceQuality "1"]

1. c4 Nf6 2. g3 g6 3. Bg2 Bg7 4. Nc3 O-O 5. e4 d6 6. Nge2 e5 7. O-O Be6 8. d3 Nc6 9. h3 a6 10. Be3 Rb8 11. a4 Qd7 12. Kh2 Ne8 13. Qd2 f5 14. f4 Nf6 15. Rad1 fxe4 16. b3 exd3 17. Qxd3 Bf5 18. Qd2 h5 19. Ng1 e4 20. Nge2 Nb4 21. Nd4 Nd3 22. Qe2 Nc5 23. Nxf5 Qxf5 24. Nd5 Nxd5 25. Rxd5 Qe6 26. Bxc5 dxc5 27. Rxc5 c6 28. Qxe4 Qd6 29. Rg5 1-0

[Event "Winnipeg TNT January op"]
[Site "Winnipeg CAN"]
[Date "2012.01.17"]
[Round "2"]
[White "Trueman, Francis"]
[Black "Leaden, Bruce"]
[Result "1-0"]
[WhiteElo "1523"]
[BlackElo "1497"]
[PlyCount "79"]
[GameId "2160767909572885"]
[EventDate "2012.01.10"]
[EventType "swiss"]
[EventRounds "4"]
[EventCountry "CAN"]
[SourceTitle "EXT 2022"]
[Source "ChessBase"]
[SourceDate "2021.10.06"]
[SourceVersion "1"]
[SourceVersionDate "2021.10.06"]
[SourceQuality "1"]

1. Nf3 Nc6 2. d3 e5 3. e4 Nf6 4. Nbd2 d6 5. g3 Be7 6. Bg2 O-O 7. O-O b6 8. Re1 Bb7 9. Qe2 Re8 10. c3 Bf8 11. Nf1 Ne7 12. h4 Ng6 13. N3h2 c6 14. Ne3 d5 15. Nf5 Ne7 16. g4 Nxf5 17. gxf5 h6 18. Kh1 Nh7 19. Nf3 f6 20. Rg1 Re7 21. Bh3 Kh8 22. Bd2 c5 23. Rg6 Rf7 24. Rag1 Be7 25. Nh2 Nf8 26. R6g3 Nh7 27. Bg4 Bd6 28. Bh5 Re7 29. Ng4 c4 30. Nxh6 cxd3 31. Qe3 Bc5 32. Qe1 gxh6 33. Bxh6 dxe4 34. Bg7+ Rxg7 35. Rxg7 Bxf2 36. Qf1 Bxg1 37. Rxb7 Bc5 38. Qg2 Qg8 39. Bg6 Nf8 40. Qg4 1-0

[Event "Winnipeg TNT January op"]
[Site "Winnipeg CAN"]
[Date "2012.01.17"]
[Round "2"]
[White "Wolchock, Theo"]
[Black "Einarsson, Ken"]
[Result "1-0"]
[WhiteElo "1700"]
[BlackElo "1751"]
[PlyCount "73"]
[GameId "2160767909572886"]
[EventDate "2012.01.10"]
[EventType "swiss"]
[EventRounds "4"]
[EventCountry "CAN"]
[SourceTitle "EXT 2022"]
[Source "ChessBase"]
[SourceDate "2021.10.06"]
[SourceVersion "1"]
[SourceVersionDate "2021.10.06"]
[SourceQuality "1"]

1. c4 e5 2. g3 d5 3. cxd5 Qxd5 4. Nf3 Nc6 5. Nc3 Qd8 6. Bg2 Nf6 7. O-O Be7 8. d3 O-O 9. Bg5 h6 10. Bxf6 Bxf6 11. Rc1 Re8 12. Nd2 Nd4 13. Nde4 c6 14. Nxf6+ Qxf6 15. Ne4 Qe7 16. e3 Nb5 17. Qe2 Be6 18. a3 Rad8 19. Rfd1 Nd6 20. d4 Bb3 21. Re1 Nxe4 22. Bxe4 exd4 23. exd4 f5 24. Bd5+ Kf8 25. Qxe7+ Rxe7 26. Rxe7 Kxe7 27. Bxb3 Rxd4 28. Re1+ Kd8 29. Rd1 Rxd1+ 30. Bxd1 Ke7 31. Kf1 Kd6 32. Ke2 c5 33. Kd3 b5 34. b3 g5 35. f4 g4 36. Bc2 a5 37. a4 1-0

[Event "Winnipeg TNT January op"]
[Site "Winnipeg CAN"]
[Date "2012.01.24"]
[Round "3"]
[White "Cleto, Sam"]
[Black "Atkinson, Barry"]
[Result "1-0"]
[WhiteElo "1961"]
[BlackElo "1511"]
[PlyCount "70"]
[GameId "2160767909572887"]
[EventDate "2012.01.10"]
[EventType "swiss"]
[EventRounds "4"]
[EventCountry "CAN"]
[SourceTitle "EXT 2022"]
[Source "ChessBase"]
[SourceDate "2021.10.06"]
[SourceVersion "1"]
[SourceVersionDate "2021.10.06"]
[SourceQuality "1"]

1. e4 g6 2. d4 Bg7 3. Nf3 d6 4. h3 a6 5. Bd3 Nf6 6. Bf4 O-O 7. O-O Nc6 8. c3 Nd7 9. Bg5 Qe8 10. Qd2 e5 11. d5 Ne7 12. c4 Nc5 13. Bc2 f5 14. exf5 Nxf5 15. Nc3 Ne7 16. Nh4 Nf5 17. b4 Nxh4 18. bxc5 Nf5 19. cxd6 cxd6 20. Ne4 Qd7 21. Rab1 b5 22. c5 dxc5 23. Nxc5 Qa7 24. Ne4 Bd7 25. Rbc1 Rac8 26. Bb3 Nd4 27. Rxc8 Rxc8 28. Bf6 Nxb3 29. axb3 Bxf6 30. Nxf6+ Kg7 31. Qg5 Qc7 32. Nxd7 Qxd7 33. Qxe5+ Kf8 34. Qh8+ Ke7 35. Qxh7+ Kd6 1-0

[Event "Winnipeg TNT January op"]
[Site "Winnipeg CAN"]
[Date "2012.01.24"]
[Round "3"]
[White "Kernetsky, Myron"]
[Black "Trueman, Francis"]
[Result "1-0"]
[WhiteElo "1991"]
[BlackElo "1523"]
[PlyCount "33"]
[GameId "2160767909572888"]
[EventDate "2012.01.10"]
[EventType "swiss"]
[EventRounds "4"]
[EventCountry "CAN"]
[SourceTitle "EXT 2022"]
[Source "ChessBase"]
[SourceDate "2021.10.06"]
[SourceVersion "1"]
[SourceVersionDate "2021.10.06"]
[SourceQuality "1"]

1. d4 Nf6 2. c4 d6 3. Nc3 g6 4. e4 Bg7 5. f4 e5 6. fxe5 dxe5 7. d5 Nbd7 8. Nf3 O-O 9. Qc2 a5 10. Be2 Nc5 11. O-O a4 12. Rb1 h5 13. Bg5 c6 14. Kh1 Qd6 15. Rbd1 Nh7 16. dxc6 Qxc6 17. Nd5 1-0

[Event "Winnipeg TNT January op"]
[Site "Winnipeg CAN"]
[Date "2012.01.24"]
[Round "3"]
[White "Moncal, Nilo"]
[Black "Babb, Jeff"]
[Result "1/2-1/2"]
[WhiteElo "2101"]
[BlackElo "2201"]
[PlyCount "120"]
[GameId "2160767909572890"]
[EventDate "2012.01.10"]
[EventType "swiss"]
[EventRounds "4"]
[EventCountry "CAN"]
[SourceTitle "EXT 2022"]
[Source "ChessBase"]
[SourceDate "2021.10.06"]
[SourceVersion "1"]
[SourceVersionDate "2021.10.06"]
[SourceQuality "1"]

1. e4 e5 2. Nf3 Nc6 3. Bb5 a6 4. Ba4 Nf6 5. O-O Nxe4 6. Re1 Nc5 7. Nxe5 Nxe5 8. Rxe5+ Be7 9. Bb3 Nxb3 10. axb3 d6 11. Re1 O-O 12. Nc3 Re8 13. d3 d5 14. Qf3 Be6 15. Bf4 Qd7 16. h3 Bc5 17. Qg3 Rac8 18. Be5 Bf8 19. d4 Bf5 20. Rac1 Bg6 21. Red1 f6 22. Bf4 Red8 23. Re1 Bb4 24. Red1 Qc6 25. Na2 Bd6 26. Bxd6 Qxd6 27. Qxd6 Rxd6 28. Kf1 Kf7 29. Ke2 Re8+ 30. Kd2 Re4 31. c3 Rde6 32. Re1 Rxe1 33. Rxe1 Rxe1 34. Kxe1 Ke7 35. Kd2 Kd6 36. Nc1 a5 37. Ne2 b6 38. Nf4 Bf7 39. h4 c5 40. g4 c4 41. bxc4 dxc4 42. Ng2 b5 43. Ne3 g6 44. g5 fxg5 45. hxg5 Be6 46. Ng2 Bf5 47. f3 Be6 48. Ne3 Kc6 49. Nf1 Bd5 50. f4 Be4 51. Ne3 Bf5 52. Ke2 Kd6 53. Kd2 Ke6 54. Kc1 Kd6 55. Kd2 Kc6 56. Ke2 Kd6 57. Kf3 Ke6 58. Nf1 Kd5 59. Ne3+ Ke6 60. Ke2 Kd6 1/2-1/2

[Event "Winnipeg TNT January op"]
[Site "Winnipeg CAN"]
[Date "2012.01.24"]
[Round "3"]
[White "Mundwiler, Les"]
[Black "Kaptsan, Aron"]
[Result "1-0"]
[WhiteElo "2072"]
[BlackElo "1943"]
[PlyCount "63"]
[GameId "2160767909572891"]
[EventDate "2012.01.10"]
[EventType "swiss"]
[EventRounds "4"]
[EventCountry "CAN"]
[SourceTitle "EXT 2022"]
[Source "ChessBase"]
[SourceDate "2021.10.06"]
[SourceVersion "1"]
[SourceVersionDate "2021.10.06"]
[SourceQuality "1"]

1. Nf3 Nf6 2. g3 g6 3. Bg2 Bg7 4. c4 O-O 5. O-O d6 6. d3 e5 7. Nc3 a5 8. Bd2 Na6 9. Rb1 Nc5 10. Qc2 Re8 11. e4 Bg4 12. h3 Bxf3 13. Bxf3 Nfd7 14. Bg2 Nb8 15. Ne2 Nc6 16. a3 a4 17. Bc3 Nb3 18. Kh2 Qd7 19. Rbd1 Ncd4 20. Bxd4 exd4 21. f4 c5 22. Ng1 Rab8 23. f5 Be5 24. Nf3 b5 25. Nxe5 Rxe5 26. fxg6 fxg6 27. cxb5 Qxb5 28. Rf6 Na5 29. Rdf1 Qxb2 30. Qxa4 Qb5 31. Qd1 Qd7 32. Qd2 1-0

[Event "Winnipeg TNT January op"]
[Site "Winnipeg CAN"]
[Date "2012.01.24"]
[Round "3"]
[White "Reimer, Bruce"]
[Black "Maas, Jason"]
[Result "1-0"]
[WhiteElo "1537"]
[BlackElo "1271"]
[PlyCount "90"]
[GameId "2160767909572892"]
[EventDate "2012.01.10"]
[EventType "swiss"]
[EventRounds "4"]
[EventCountry "CAN"]
[SourceTitle "EXT 2022"]
[Source "ChessBase"]
[SourceDate "2021.10.06"]
[SourceVersion "1"]
[SourceVersionDate "2021.10.06"]
[SourceQuality "1"]

1. c4 e5 2. g3 Nf6 3. Bg2 Bc5 4. e3 c6 5. Ne2 O-O 6. O-O d5 7. cxd5 cxd5 8. d4 Bd6 9. Nbc3 Be6 10. Qb3 Qb6 11. Nxd5 Nxd5 12. Bxd5 Qxb3 13. Bxb3 Bxb3 14. axb3 e4 15. Nc3 Nc6 16. Nxe4 Rfd8 17. Nxd6 Rxd6 18. Bd2 Rc8 19. Rfc1 Ne7 20. Rxa7 Rd7 21. Rxc8+ Nxc8 22. Ra8 Rc7 23. Kf1 h5 24. h4 Kh7 25. Ke1 Nd6 26. f3 Rc2 27. e4 Rxb2 28. Rd8 Nb5 29. b4 f6 30. Rd5 Na3 31. Rxh5+ Kg6 32. Rc5 Rb1+ 33. Ke2 Rb2 34. Kd3 Nb1 35. Rc2 Rb3+ 36. Bc3 Nxc3 37. Rxc3 Rxb4 38. d5 Rb1 39. Kc4 Kh5 40. d6 Rb6 41. Kd5 Ra6 42. d7 Ra8 43. Rc8 Ra5+ 44. Kd6 Ra6+ 45. Ke7 Re6+ 1-0

[Event "Winnipeg TNT January op"]
[Site "Winnipeg CAN"]
[Date "2012.01.24"]
[Round "3"]
[White "Wasserman, Leor"]
[Black "Baron, Cody"]
[Result "1-0"]
[WhiteElo "1861"]
[BlackElo "1403"]
[PlyCount "41"]
[GameId "2160767909572893"]
[EventDate "2012.01.10"]
[EventType "swiss"]
[EventRounds "4"]
[EventCountry "CAN"]
[SourceTitle "EXT 2022"]
[Source "ChessBase"]
[SourceDate "2021.10.06"]
[SourceVersion "1"]
[SourceVersionDate "2021.10.06"]
[SourceQuality "1"]

1. e4 d5 2. exd5 Nf6 3. Nc3 Nxd5 4. Nf3 Bg4 5. Bc4 Nb6 6. Bxf7+ Kxf7 7. Ng5+ Ke8 8. Qxg4 Qd7 9. Qf3 e5 10. Nce4 Nd5 11. O-O h6 12. Qh5+ Kd8 13. Nf7+ Kc8 14. Nxh8 Nf4 15. Qf3 g5 16. d3 Bg7 17. Bxf4 exf4 18. Ng6 Nc6 19. Nc5 Qf5 20. Ne7+ Nxe7 21. Qxb7+ 1-0

[Event "Winnipeg TNT January op"]
[Site "Winnipeg CAN"]
[Date "2012.01.24"]
[Round "3"]
[White "Wolchock, Theo"]
[Black "Lipnowski, Samuel"]
[Result "1-0"]
[WhiteElo "1700"]
[BlackElo "2263"]
[PlyCount "63"]
[GameId "2160767909572894"]
[EventDate "2012.01.10"]
[EventType "swiss"]
[EventRounds "4"]
[EventCountry "CAN"]
[SourceTitle "EXT 2022"]
[Source "ChessBase"]
[SourceDate "2021.10.06"]
[SourceVersion "1"]
[SourceVersionDate "2021.10.06"]
[SourceQuality "1"]

1. c4 c6 2. d4 d5 3. cxd5 cxd5 4. Nc3 Nf6 5. Nf3 Nc6 6. e3 a6 7. a3 Bg4 8. Be2 Rc8 9. Bd2 e6 10. O-O Bd6 11. Rc1 Bb8 12. h3 Bh5 13. Nh2 Qd6 14. f4 Bxe2 15. Qxe2 g5 16. Ng4 gxf4 17. Nxf6+ Ke7 18. Ng4 h5 19. Ne5 Nxe5 20. dxe5 Qxe5 21. exf4 Ba7+ 22. Kh1 Qf5 23. Qe5 Qd3 24. Nxd5+ Qxd5 25. Bb4+ Bc5 26. Bxc5+ Rxc5 27. Rxc5 Qxe5 28. fxe5 Rd8 29. Rc7+ Ke8 30. Rfxf7 Rd2 31. Rxb7 Rd5 32. Rh7 1-0

[Event "Winnipeg TNT January op"]
[Site "Winnipeg CAN"]
[Date "2012.01.31"]
[Round "4"]
[White "Babb, Jeff"]
[Black "Mundwiler, Les"]
[Result "1-0"]
[WhiteElo "2201"]
[BlackElo "2072"]
[PlyCount "67"]
[GameId "2160767909572895"]
[EventDate "2012.01.10"]
[EventType "swiss"]
[EventRounds "4"]
[EventCountry "CAN"]
[SourceTitle "EXT 2022"]
[Source "ChessBase"]
[SourceDate "2021.10.06"]
[SourceVersion "1"]
[SourceVersionDate "2021.10.06"]
[SourceQuality "1"]

1. f4 e5 2. fxe5 d6 3. exd6 Bxd6 4. Nf3 g5 5. g3 g4 6. Nh4 Ne7 7. d4 Ng6 8. Nxg6 hxg6 9. Qd3 Nc6 10. c3 Bf5 11. e4 Qe7 12. Bg2 O-O-O 13. Be3 Be6 14. Bf2 f5 15. Nd2 Rhe8 16. O-O-O Bc5 17. Qc2 Bb6 18. Rhf1 Bxd4 19. Bxd4 Rxd4 20. exf5 Bxf5 21. Rxf5 gxf5 22. Bxc6 Rxd2 23. Qxf5+ Qe6 24. Qxe6+ Rxe6 25. Bxb7+ Kxb7 26. Rxd2 c5 27. Kc2 Kb6 28. Kd3 Kb5 29. Rf2 Ra6 30. b3 Rd6+ 31. Ke4 Rd8 32. a4+ Kb6 33. Rf6+ Ka5 34. Rc6 1-0

[Event "Winnipeg TNT January op"]
[Site "Winnipeg CAN"]
[Date "2012.01.31"]
[Round "4"]
[White "Baron, Cody"]
[Black "Milward, David"]
[Result "0-1"]
[WhiteElo "1403"]
[BlackElo "1720"]
[PlyCount "60"]
[GameId "2160767909572896"]
[EventDate "2012.01.10"]
[EventType "swiss"]
[EventRounds "4"]
[EventCountry "CAN"]

1. Nf3 Nf6 2. d4 g6 3. c4 Bg7 4. Nc3 d6 5. Bf4 O-O 6. e3 Bg4 7. Bd3 Nbd7 8. h3 e5 9. hxg4 exf4 10. Ng5 fxe3 11. fxe3 h6 12. Nge4 Nxe4 13. Bxe4 Qe7 14. Qf3 c5 15. O-O-O Rae8 16. Rhe1 Qg5 17. dxc5 Qxc5 18. Qe2 Bxc3 19. bxc3 Rxe4 20. Rh1 Kg7 21. Rh3 Rfe8 22. Rdh1 Rxe3 23. Qd2 Qa3+ 24. Kb1 Re2 25. Qxh6+ Kf6 26. Rf1+ Ke7 27. Qg5+ f6 28. Rh7+ Kd8 29. Rxd7+ Kxd7 30. Qb5+ Kd8 0-1

[Event "Winnipeg TNT January op"]
[Site "Winnipeg CAN"]
[Date "2012.01.31"]
[Round "4"]
[White "Einarsson, Ken"]
[Black "Atkinson, Barry"]
[Result "1-0"]
[WhiteElo "1751"]
[BlackElo "1511"]
[PlyCount "41"]
[GameId "2160767909572897"]
[EventDate "2012.01.10"]
[EventType "swiss"]
[EventRounds "4"]
[EventCountry "CAN"]
[SourceTitle "EXT 2022"]
[Source "ChessBase"]
[SourceDate "2021.10.06"]
[SourceVersion "1"]
[SourceVersionDate "2021.10.06"]
[SourceQuality "1"]

1. d4 g6 2. c4 Bg7 3. e4 d6 4. Nf3 Nd7 5. Be2 e5 6. d5 Ngf6 7. Nc3 O-O 8. Bg5 Qe8 9. O-O Nc5 10. Qc2 Nh5 11. b4 Nd7 12. Nb5 Ndf6 13. Nxc7 Qd7 14. Nxa8 h6 15. Bxf6 Nxf6 16. Nd2 Ne8 17. c5 f5 18. cxd6 Nxd6 19. Qc7 Nxe4 20. Nxe4 Qxd5 21. Bc4 1-0

[Event "Winnipeg TNT January op"]
[Site "Winnipeg CAN"]
[Date "2012.01.31"]
[Round "4"]
[White "Kaptsan, Aron"]
[Black "De Groot, Steven"]
[Result "1/2-1/2"]
[WhiteElo "1943"]
[BlackElo "1848"]
[PlyCount "74"]
[GameId "2160767909572898"]
[EventDate "2012.01.10"]
[EventType "swiss"]
[EventRounds "4"]
[EventCountry "CAN"]
[SourceTitle "EXT 2022"]
[Source "ChessBase"]
[SourceDate "2021.10.06"]
[SourceVersion "1"]
[SourceVersionDate "2021.10.06"]
[SourceQuality "1"]

1. d4 Nf6 2. c4 g6 3. Nc3 d5 4. Bd2 Bg7 5. Rc1 O-O 6. cxd5 Nxd5 7. e4 Nb6 8. Be3 Nc6 9. d5 Ne5 10. Bd4 c6 11. f4 Bg4 12. Be2 Bxe2 13. Ngxe2 Nec4 14. b3 Bxd4 15. Qxd4 Nd6 16. dxc6 bxc6 17. O-O Nb5 18. Qe3 Qd7 19. Rfd1 Qb7 20. Qc5 Rfd8 21. f5 Nxc3 22. Qxc3 c5 23. Ng3 Rxd1+ 24. Rxd1 Qc7 25. Rc1 Rc8 26. e5 c4 27. e6 fxe6 28. fxg6 hxg6 29. Qc2 Qc5+ 30. Kh1 Qg5 31. Re1 cxb3 32. Qxb3 Nd5 33. h3 Rc3 34. Qb8+ Kh7 35. Ne4 Qh4 36. Re2 Rc1+ 37. Kh2 Qf4+ 1/2-1/2

[Event "Winnipeg TNT January op"]
[Site "Winnipeg CAN"]
[Date "2012.01.31"]
[Round "4"]
[White "Kernetsky, Myron"]
[Black "Moncal, Nilo"]
[Result "0-1"]
[WhiteElo "1991"]
[BlackElo "2101"]
[PlyCount "68"]
[GameId "2160767909572899"]
[EventDate "2012.01.10"]
[EventType "swiss"]
[EventRounds "4"]
[EventCountry "CAN"]
[SourceTitle "EXT 2022"]
[Source "ChessBase"]
[SourceDate "2021.10.06"]
[SourceVersion "1"]
[SourceVersionDate "2021.10.06"]
[SourceQuality "1"]

1. d4 Nf6 2. c4 c5 3. d5 d6 4. Nc3 g6 5. e4 Bg7 6. Nf3 O-O 7. Be2 e5 8. dxe6 Bxe6 9. O-O Nc6 10. Bf4 Ne8 11. Qd2 Bg4 12. Bg5 Qd7 13. Bh6 Bxf3 14. Bxf3 Nd4 15. Bd1 Qe6 16. b3 Nf6 17. Bxg7 Kxg7 18. Re1 Rfe8 19. Re3 a6 20. Bc2 b5 21. Nd5 Nxd5 22. exd5 Qf6 23. Rd1 bxc4 24. bxc4 Rab8 25. Rb1 Rxb1+ 26. Bxb1 Rb8 27. Bd3 Rb2 28. Qe1 Rxa2 29. Bf1 a5 30. f3 a4 31. Qb1 Ra1 32. Qb8 Nf5 33. Re4 a3 34. Qb3 a2 0-1

[Event "Winnipeg TNT January op"]
[Site "Winnipeg CAN"]
[Date "2012.01.31"]
[Round "4"]
[White "Leaden, Bruce"]
[Black "Maas, Jason"]
[Result "1-0"]
[WhiteElo "1497"]
[BlackElo "1271"]
[PlyCount "75"]
[GameId "2160767909572900"]
[EventDate "2012.01.10"]
[EventType "swiss"]
[EventRounds "4"]
[EventCountry "CAN"]
[SourceTitle "EXT 2022"]
[Source "ChessBase"]
[SourceDate "2021.10.06"]
[SourceVersion "1"]
[SourceVersionDate "2021.10.06"]
[SourceQuality "1"]

1. e4 e5 2. Nf3 Nc6 3. Bb5 Nf6 4. d3 Bc5 5. O-O O-O 6. Bxc6 bxc6 7. Nxe5 Re8 8. Nf3 d5 9. e5 Nd7 10. d4 Bb6 11. Re1 f6 12. exf6 Nxf6 13. Bg5 Bg4 14. Rxe8+ Qxe8 15. Be3 Qe7 16. h3 Bh5 17. g4 Nxg4 18. hxg4 Bxg4 19. Nbd2 Rf8 20. Kg2 Rf6 21. Bg5 Bxf3+ 22. Nxf3 Rg6 23. Kf1 Rxg5 24. Nxg5 Qxg5 25. Qd3 Qh4 26. Qe3 h6 27. Rd1 Qh1+ 28. Ke2 Qh5+ 29. Qf3 Qe8+ 30. Qe3 Qh5+ 31. Kd2 Qh4 32. c3 g5 33. Re1 Kg7 34. Qe7+ Kg6 35. Qe8+ Kf5 36. Qf7+ Kg4 37. Rg1+ Kh3 38. Qf3+ 1-0

[Event "Winnipeg TNT January op"]
[Site "Winnipeg CAN"]
[Date "2012.01.31"]
[Round "4"]
[White "Lipnowski, Samuel"]
[Black "Evans, Brian"]
[Result "1-0"]
[WhiteElo "2263"]
[BlackElo "1508"]
[PlyCount "79"]
[GameId "2160767909572901"]
[EventDate "2012.01.10"]
[EventType "swiss"]
[EventRounds "4"]
[EventCountry "CAN"]
[SourceTitle "EXT 2022"]
[Source "ChessBase"]
[SourceDate "2021.10.06"]
[SourceVersion "1"]
[SourceVersionDate "2021.10.06"]
[SourceQuality "1"]

1. e4 c5 2. Nf3 d6 3. d4 cxd4 4. Nxd4 Nf6 5. Nc3 a6 6. f3 e6 7. Be3 Be7 8. Qd2 Qc7 9. O-O-O Nc6 10. Kb1 b5 11. Bxb5 axb5 12. Ndxb5 Qb8 13. Nxd6+ Bxd6 14. Qxd6 Qxd6 15. Rxd6 Bb7 16. Rhd1 h6 17. Nb5 O-O 18. b3 Rfd8 19. Rxd8+ Rxd8 20. Rxd8+ Nxd8 21. Nd6 Ba6 22. c4 Nb7 23. Nc8 Nd7 24. Ne7+ Kf8 25. Nc6 Ke8 26. Nb4 Nbc5 27. Nxa6 Nxa6 28. a3 Kd8 29. Kc2 Kc7 30. Kc3 e5 31. b4 Kb7 32. c5 Kc6 33. Kc4 Nc7 34. a4 Kb7 35. b5 Nb8 36. a5 g5 37. a6+ Ka8 38. a7 Nd7 39. c6 Nf8 40. b6 1-0